| 000 | 00907nam a22003137a 4500 | ||
|---|---|---|---|
| 003 | CHAP | ||
| 005 | 20220329134434.0 | ||
| 008 | 971013s1972 r 00010 d | ||
| 010 | _a20508 | ||
| 011 | _a21480 | ||
| 035 | _a25570 | ||
| 040 | _cCHAP | ||
| 090 | _aFolleto 5004y | ||
| 100 | 0 | 0 |
_aArgunov, B. I. _97028 |
| 245 | 1 | _aTeoremas de configucación | |
| 260 |
_aMéxico, D.F. : _bLimusa-Wiley, _c1972 |
||
| 300 | _a55 p | ||
| 490 | _aTemas matemáticos | ||
| 590 |
_aBATCH-UPD _b10 _c20130110 _lUCH01 _h0238 |
||
| 590 |
_aBATCH-UPD _b10 _c20130110 _lUCH01 _h1846 |
||
| 590 |
_aBATCH-UPD _b10 _c20130410 _lUCH01 _h1216 |
||
| 590 |
_aBATCH-UPD _b10 _c20130914 _lUCH01 _h0354 |
||
| 590 |
_aCONVERSION _b10 _c20130109 _lUCH01 _h1312 |
||
| 650 | 1 | 4 |
_aGeometría. _947652 |
| 830 | 0 |
_aTemas matemáticos _9112159 |
|
| 901 | _aBK | ||
| 942 | _cFOLL | ||
| 949 |
_aFolleto 5004y _bBC _cFOLL _d-58928 _eTS1 _i25570 _si |
||
| 999 |
_c20508 _d20508 |
||